00394nam a2200145Ia 4500100003200000942000700032654001300039245002800052260002300080082001500103300000800118546001200126999001700138952009300155 aMowbray/ Thomas J/ Malveau  cBK acomputer aCORBA Design Patterns bWiley & Sonsc1997 a5.133bMOW a333 aENGLISH c24892d24892 001040708CRCaCRCEbCRCEd2023-03-17l0o5.133 MOWp11234r2023-03-17w2023-03-17yBK